000 00756nam a2200241Ia 4500
003 OSt
005 20220923225308.0
006 a|||||r|||| 00| 0
007 ta
008 tel
024 _a262,183
037 _cTextual
040 _aARTS
_cARTS
_btel
041 _2tel
_atel
082 _aO35,3M95,EK, L0
100 _aविश्वनाथ, सत्यनारायण
245 0 _aएकवीरा, अनु अंबडिपूडि हनुमय्या
246 _aEkavīrā, anu aanbaḍipūḍi hanumayyā
260 _c1970
650 _aतेलुगु कहानी
942 _hO35,3M95,EK, L0
_cTEXL
_2CC
999 _c377303
_d377303